| Tag |
First Indicator |
Second Indicator |
Subfields |
| LEADER |
00000cam a2200000 4500 |
| 001 |
in00000257565 |
| 005 |
20151010053643.0 |
| 008 |
740204s1974 nyu b 00110 eng |
| 010 |
|
|
|a 73016501
|
| 020 |
|
|
|a 0385079478
|
| 035 |
|
|
|a (OCoLC)00814531
|
| 035 |
|
|
|9 ABC5283AM
|
| 040 |
|
|
|a DLC
|c DLC
|d TXA
|d UtOrBLW
|
| 043 |
|
|
|a nw-----
|
| 049 |
|
|
|a TXAM
|c [925459]
|
| 050 |
0 |
0 |
|a F2131
|b .C73
|
| 082 |
0 |
|
|a 917.29/06/96
|
| 100 |
1 |
|
|a Coombs, Orde.
|
| 245 |
1 |
0 |
|a Is Massa Day dead? :
|b Black moods in the Caribbean /
|c edited, and with an introd., by Orde Coombs.
|
| 250 |
|
|
|a [1st ed.].
|
| 264 |
|
1 |
|a Garden City, N.Y. :
|b Anchor Books,
|c 1974.
|
| 300 |
|
|
|a xix, 260 pages ;
|c 18 cm.
|
| 336 |
|
|
|a text
|b txt
|2 rdacontent
|
| 337 |
|
|
|a unmediated
|b n
|2 rdamedia
|
| 338 |
|
|
|a volume
|b nc
|2 rdacarrier
|
| 504 |
|
|
|a Includes bibliographical references.
|
| 505 |
0 |
|
|a Walcott, D. The muse of history.--Brathwaite, E. Timehri.--Millette, J. The Black revolution in the Caribbean.--Rohlehr, G. History as absurdity.--Thomas, C. Y. Black exploitation in the Caribbean.--Thomas, C. Y. Black exploitation in the Carribean.--Hodgson, E. Bermuda and the search for Blackness.--McCartney, T. O. What is the relevance of Black power to the Bahamas?--Stewart, J. Where goes the indigenous Black church?--Edmondson, L. The internationalization of Black power.
|
| 650 |
|
0 |
|a Blacks
|z West Indies, British.
|
| 651 |
|
0 |
|a West Indies, British
|x Social conditions.
|
| 999 |
|
|
|a MARS
|
| 999 |
f |
f |
|s 8bba485a-0a8f-3f4a-a558-d8a0577aab00
|i 1cf5be59-8737-3c24-b972-8a701f84aa80
|t 0
|
| 952 |
f |
f |
|p normal
|a Texas A&M University
|b College Station
|c Sterling C. Evans Library
|d Evans: Library Stacks
|t 0
|e F2131 .C73
|h Library of Congress classification
|i unmediated -- volume
|m A14802361580
|
| 998 |
f |
f |
|a F2131 .C73
|t 0
|l Evans: Library Stacks
|